Quiz Combalbert - Statistiques

Statistiques générales
  • Ce quiz a été pris 12 fois
  • Le résultat moyen est 43 sur 101
Statistiques - réponses
Indice Réponse % Correct
Dynastie des Comnènes 1081-1185
100%
Concile de Chalcédoine et Rome se place en première des pentarchies 451
100%
Naissance de Mohammad 570
100%
Muhammas quitte la Mecque pour médine (Hégire) 622
100%
Mort de Muhammad et péninsule arabique sous son contrôle 632
100%
Pour ? Basileus
100%
Naissance de l’islam VII
100%
Empire Romain IV Diogène perd face aux turcs en 1071
80%
en 1082
80%
première croisade 1096-1099
80%
Dynastie des paléologues 1259-1453
80%
Concile de Nicée 325
80%
assassiner en 656
80%
Première fitna sous le califat d’Ali 656
80%
nommé Basiliques
80%
qui signifie Émir des émirs
80%
Basile Ier ajoute une annexe au code justinien IX
80%
Appel à la croisade par le pape ? Urbain II
80%
Construction de l’église sainte Sophie à Constantinople VI
80%
Publication du code justinien VI
80%
Naissance de l’islam VII
80%
Changement de titulature des empereurs byzantin VIII
80%
Victoire militaire de l’empire contre les bulgares 1014
60%
Victoire diplomatique de l’empire contre les bulgares 1018
60%
Empire s’étend vers l’Est 1020
60%
Bataille de Dorylée 1097
60%
Ordre de l’hôpital de saint jean de Jérusalem 1113
60%
ordre du temple de Salomon 1128
60%
1ère lecture du texte synodal pour la crise des images 11 mars 843
60%
Concile de Latran IV 1215
60%
Concile de Constantinople 380
60%
Concile d’Éphèse Ier 431
60%
Califat d’Uthman 644-656
60%
Dynastie califale des Omeyyades 661-750
60%
fin du monopole de l’empereur d’occident 800
60%
Califat d’Al Qadir 991-1031
60%
Califat d’Al Hakim 996-1021
60%
à cause de ? Charlemagne
60%
Mène à la chute de ? Constantinople
60%
Al Mahdi qui veut dire le messie caché
60%
à Manzikert
60%
Qui mène à la mort de Saint louis/louis IX
60%
Où ? Tunis
60%
au X
60%
Effondrement du califat Abbasides 1258
40%
Prise de Jérusalem 15 juillet 1099
40%
Excomunication du partriarche de Constantinople 16 juillet 1054
40%
Concile in Trullo à Constantinople 691
40%
Omeyyades renversés en 749-750
40%
Inconoclasme devient le dogme officiel 754
40%
Concile de Nicée II qui condamne l’iconoclaste 787
40%
Excommunication du pape par Photius 867
40%
Dynastie des macédoniens au pouvoir 867-1056
40%
Crète reconquise par Nicéphore Phocas 961
40%
Victoire de Nicéphore Phocas contre Sayf El Daula 965
40%
Le fatimide Ubayd Allah change de nom pour Al Mahdi
40%
Effondrement de l’empire d’Occident fin V
40%
Tournant dans l’islam car il n’y plus un seul califat mais 3 qui sont Omeyyades, Fatimide, Abbaside
40%
Dynastie califale des Abassides VIII-XIII
40%
Monde composite musulman immense, vrai puissance commerciale et diplomatique XI
40%
Tughul Beg prend le titre de Sultan 1038
20%
Tughul Beg entre à Bagdad 1055
20%
Seldjoukides prennent Jérusalem 1073
20%
Royaume de Jérusalem 1099-1291
20%
Mort de Godefroy de Bouillon 1100
20%
deuxième croisade 1147-1149
20%
quatrième croisade 1202-1204
20%
Huitième croisade 1265-1272
20%
Al Husayn fils d’Ali est assassiné à Kerbala 680
20%
Les Rus’ devant Constantinople créant une menace 860
20%
Concile à Constantinople pour le renvoi de Photius et Constantinople devient la seule garante de l’orthodoxie 869
20%
En 910
20%
Le prince bulgare Siméon est au porte de Constantinople 924
20%
Création du titre Amir Al-Umaia en 936
20%
Nicéphore Phocas refuse de payer le tribut aux bulgares 960
20%
Nicéphore Phocas reconnu empereur de byzance 963-969
20%
création de la ville du Caire 973
20%
Alliance entre Vladimir le Grand et Basile II 988
20%
Premier ouvrage de Sîna IX
20%
Le savant Ibn Muyahib prétend interdire l’usage de la lecture et prononciation qu’il n’estime pas canonique du Coran X
20%
Apparition de l’onction XIII
20%
Le savant Ibn Al Arabi est une grande figure culturelle XIII
20%
Renouvellement de l’aspect urbain de Constantinople XI-XII
20%
Petit fils de Slajuk s’impose au nord de l’Iran 1030
0%
Période de guerre interne qui met l’Égypte à deux et à sang 1058-1073
0%
principauté d’Antioche 1089-1268
0%
Création des états latin d’orient 1099-1112
0%
Comté de Tripoli 1102-1150
0%
Comté d’Edesse 1102-1150
0%
Troisième croisade 1189-1192
0%
Naissance de la petite arménie 1197
0%
cinquième croisade 1217-1221
0%
sixième Croisade 1228
0%
mort de Ibn Al Arabi 1240
0%
septième croisade 1248-1254
0%
Liste nommé Messine sur les Croisés 1250
0%
Mort du savant Jalal Al Din Rumi 1273
0%
Léon III ordonne la destruction des icônes VIII
0%
Multiplication des Hadith VII-XIII
0%
la communauté reconnaît 6 collections de Hadith X
0%
Odres des soufismes XII-XIII
0%
Aucun quiz correspondant
Distribution des résultats
% des personnes avec chaque résultat
Percentile par nombre de réponses
Votre historique - résultats
Vous n’avez pas pris ce quiz